000 00598nam a22001457a 4500
999 _c332322
_d332322
003 NUST
005 20171123152712.0
008 171123b xxu||||| |||| 00| 0 eng d
020 _a9789695623909
040 _c0
082 _a954.9042 MAL
245 _aThe USA, Canada and The Quaid-i-Azam Muhammad ali Jinnah
_cDr. Nadeem Shafiq malik (Edited & Compiled)
260 _aLahore
_bFiction House
_c2015
300 _a187p.
500 _aH.B
942 _cBK
_2ddc
_kIESE